[Event "Cornella de Llobregat op 8th"]
[Site "Cornella de Llobregat"]
[Date "2022.10.17"]
[Round "4"]
[White "Pautt Andrade, Jose Gregorio"]
[Black "Padros Martinez, Albert"]
[Result "1-0"]
[WhiteElo "2098"]
[BlackElo "1793"]
[PlyCount "41"]
[EventDate "2022.09.26"]
[EventType "swiss"]
[EventRounds "9"]
[EventCountry "ESP"]
[SourceTitle "EXT 2024"]
[Source "ChessBase"]
[SourceDate "2023.10.10"]
[SourceVersion "1"]
[SourceVersionDate "2023.10.10"]
[SourceQuality "1"]

1. Nf3 d5 2. g3 e6 3. Bg2 Bd6 4. d4 Nd7 5. 0-0 f5 6. c4 c6 7. Qc2 Ngf6 8. cxd5 cxd5 9. Bf4 Bxf4 10. gxf4 0-0 11. Nbd2 b6 12. Qc6 Ba6 13. Qxe6+ Kh8 14. Ng5 Qe8 15. Qxf5 Qxe2 16. Ndf3 Bd3 17. Qh3 Qxb2 18. Rfe1 Rae8 19. Ne5 Nxe5 20. dxe5 Ng8 21. Qxd3 1-0

[Event "Barcelona Sant Marti op-B 22nd"]
[Site "Barcelona"]
[Date "2022.07.20"]
[Round "8"]
[White "Padros Martinez, Albert"]
[Black "Elizondo Marquet, Juan Marcos"]
[Result "0-1"]
[WhiteElo "1891"]
[BlackElo "1748"]
[PlyCount "98"]
[EventDate "2022.07.13"]
[EventType "swiss"]
[EventRounds "9"]
[EventCountry "ESP"]
[SourceTitle "CBM 210 Extra"]
[Source "ChessBase"]
[SourceDate "2022.11.30"]
[SourceVersion "1"]
[SourceVersionDate "2022.11.30"]
[SourceQuality "1"]

1. Nf3 c5 2. g3 g6 3. Bg2 Bg7 4. 0-0 Nc6 5. c3 Nf6 6. d4 cxd4 7. Nxd4 0-0 8. Nd2 Nxd4 9. cxd4 d5 10. e3 Bf5 11. Qb3 Rb8 12. h3 h5 13. f3 Qc8 14. g4 hxg4 15. hxg4 Bc2 16. Qa3 g5 17. Qxe7 Re8 18. Qa3 Re6 19. Nb3 Ra6 20. Qb4 Bf8 21. Qb5 Rb6 22. Qe2 Ra6 23. Nc5 Bxc5 24. Qxc2 Bd6 25. Qxc8+ Rxc8 26. e4 Bf4 27. Bxf4 gxf4 28. e5 Nh7 29. Rf2 Ra4 30. Rd2 Rcc4 31. b3 Rxd4 32. Rc2 Ra6 33. Rc7 Rb4 34. Bf1 Rc6 35. Rd7 Ng5 36. Rxd5 Nxf3+ 37. Kf2 Ng5 38. Bc4 a6 39. a4 b5 40. axb5 axb5 41. Ra8+ Kg7 42. Rdd8 bxc4 43. Rg8+ Kh6 44. Rh8+ Nh7 45. g5+ Kxg5 46. Rxh7 cxb3 47. Rg8+ Kf5 48. Rxf7+ Kxe5 49. Re8+ Re6 0-1

[Event "Barcelona Sant Marti op-B 22nd"]
[Site "Barcelona"]
[Date "2022.07.19"]
[Round "7"]
[White "Padros Martinez, Albert"]
[Black "Pujal Moncho, Joaquim"]
[Result "1-0"]
[WhiteElo "1891"]
[BlackElo "1730"]
[PlyCount "111"]
[EventDate "2022.07.13"]
[EventType "swiss"]
[EventRounds "9"]
[EventCountry "ESP"]
[SourceTitle "CBM 210 Extra"]
[Source "ChessBase"]
[SourceDate "2022.11.30"]
[SourceVersion "1"]
[SourceVersionDate "2022.11.30"]
[SourceQuality "1"]

1. d4 d5 2. Nf3 f5 3. Ne5 Nf6 4. Bg5 Nbd7 5. Nd3 e6 6. e3 Be7 7. Nd2 0-0 8. c4 Ne4 9. Bxe7 Qxe7 10. Be2 Ndf6 11. f3 Nxd2 12. Qxd2 c6 13. 0-0 Bd7 14. Ne5 Be8 15. b4 Nd7 16. Nxd7 Bxd7 17. a4 a6 18. f4 h6 19. c5 Kh8 20. b5 cxb5 21. axb5 Bxb5 22. Bxb5 axb5 23. Qb2 Qd7 24. Rfb1 Rxa1 25. Rxa1 Rc8 26. Ra5 Rc7 27. Rxb5 Kh7 28. Rb6 Kg8 29. Rd6 Qe7 30. Qb6 Kf7 31. Rxe6 Qxe6 32. Qxc7+ Qe7 33. Qe5 Qd7 34. h3 Kg8 35. Kf2 Kh7 36. Kf3 h5 37. g4 fxg4+ 38. Kg3 g6 39. e4 gxh3 40. f5 gxf5 41. exd5 f4+ 42. Qxf4 Qxd5 43. Kxh3 Kg6 44. Kg3 Qe6 45. Kf3 Qb3+ 46. Ke4 Qe6+ 47. Qe5 Qg4+ 48. Kd5 Qf3+ 49. Kd6 Qc6+ 50. Ke7 Qf3 51. Qe6+ Kg7 52. d5 Qf8+ 53. Kd7 Qf7+ 54. Qxf7+ Kxf7 55. c6 bxc6 56. dxc6 1-0

[Event "Barcelona Sant Marti op-B 22nd"]
[Site "Barcelona"]
[Date "2022.07.14"]
[Round "2"]
[White "Volart Buil, Jordi"]
[Black "Padros Martinez, Albert"]
[Result "1/2-1/2"]
[WhiteElo "1670"]
[BlackElo "1891"]
[PlyCount "88"]
[EventDate "2022.07.13"]
[EventType "swiss"]
[EventRounds "9"]
[EventCountry "ESP"]
[SourceTitle "CBM 210 Extra"]
[Source "ChessBase"]
[SourceDate "2022.11.30"]
[SourceVersion "1"]
[SourceVersionDate "2022.11.30"]
[SourceQuality "1"]

1. d4 Nf6 2. c4 e6 3. a3 d5 4. Nc3 c6 5. cxd5 exd5 6. Bf4 Be7 7. Nf3 Bf5 8. e3 0-0 9. Bd3 Ne4 10. 0-0 g5 11. Bxb8 Rxb8 12. Bxe4 Bxe4 13. Nxe4 dxe4 14. Nd2 Qd5 15. f3 f5 16. fxe4 fxe4 17. Qg4 c5 18. Qxe4 Qxe4 19. Nxe4 cxd4 20. exd4 Rbd8 21. Rxf8+ Kxf8 22. Rd1 Rd5 23. Kf2 Kf7 24. Ke3 Ke6 25. Rc1 Bd8 26. Nc5+ Kf5 27. Rf1+ Kg6 28. Ke4 Rd6 29. Nxb7 Rd7 30. Nxd8 Rxd8 31. d5 Re8+ 32. Kd4 Re2 33. d6 Rxb2 34. Rf3 g4 35. Re3 Kf6 36. d7 Rd2+ 37. Rd3 Rxd3+ 38. Kxd3 Ke7 39. Ke4 Kxd7 40. Kf5 g3 41. h4 a5 42. h5 Ke7 43. Kg4 Kf6 44. Kxg3 Kg5 1/2-1/2

[Event "Barcelona Sant Marti op-B 22nd"]
[Site "Barcelona"]
[Date "2022.07.13"]
[Round "1"]
[White "Padros Martinez, Albert"]
[Black "Cervera Lopez, Miguel"]
[Result "1-0"]
[WhiteElo "1891"]
[BlackElo "1535"]
[PlyCount "73"]
[EventDate "2022.07.13"]
[EventType "swiss"]
[EventRounds "9"]
[EventCountry "ESP"]
[SourceTitle "CBM 210 Extra"]
[Source "ChessBase"]
[SourceDate "2022.11.30"]
[SourceVersion "1"]
[SourceVersionDate "2022.11.30"]
[SourceQuality "1"]

1. d4 Nf6 2. Nf3 g6 3. e3 Bg7 4. Bd3 d6 5. 0-0 0-0 6. Nbd2 Nbd7 7. e4 c5 8. c3 e5 9. d5 Nh5 10. Re1 Nb6 11. b4 cxb4 12. cxb4 Nf4 13. Bf1 f5 14. Qb3 fxe4 15. Nxe4 h6 16. a4 Bg4 17. Nfd2 Kh7 18. g3 Nh3+ 19. Bxh3 Bxh3 20. a5 Nc8 21. b5 Ne7 22. Ba3 Nf5 23. Qd3 Rf7 24. f3 Bf8 25. g4 Nh4 26. Bb4 Ng2 27. Nf2 Nxe1 28. Rxe1 Qh4 29. Rc1 h5 30. Nde4 Be7 31. Rc7 hxg4 32. Bxd6 Rc8 33. Bxe7 Rxe7 34. Rxc8 gxf3 35. Nxh3 Qe1+ 36. Qf1 Qxe4 37. Ng5+ 1-0

[Event "Barcelona Sant Marti op 9th"]
[Site "Barcelona"]
[Date "2020.01.30"]
[Round "3"]
[White "Moreno Perez, Norberto"]
[Black "Padros Martinez, Albert"]
[Result "0-1"]
[WhiteElo "1867"]
[BlackElo "1932"]
[PlyCount "60"]
[EventDate "2020.01.16"]
[EventType "swiss"]
[EventRounds "9"]
[EventCountry "ESP"]
[SourceTitle "CBM 195 Extra"]
[Source "ChessBase"]
[SourceDate "2020.05.31"]
[SourceVersion "1"]
[SourceVersionDate "2020.05.31"]
[SourceQuality "1"]

1. e4 g6 2. d4 Bg7 3. Nf3 c5 4. d5 d6 5. c3 Nf6 6. Bd3 0-0 7. 0-0 Nbd7 8. Nbd2 Ng4 9. Bc2 b5 10. Qe2 a5 11. Ng5 Ngf6 12. f4 b4 13. c4 a4 14. e5 dxe5 15. fxe5 Nxe5 16. Qxe5 Ng4 17. Qe2 Ne3 18. Be4 f5 19. Bd3 Nxf1 20. Nxf1 h6 21. Ne6 Bxe6 22. Qxe6+ Kh7 23. Rb1 Rf6 24. Qe2 e6 25. Ne3 e5 26. Bc2 e4 27. h4 h5 28. Nf1 Rb6 29. Bg5 Qd6 30. Qe3 Bd4 0-1

[Event "Barcelona Sant Marti op-B 21st"]
[Site "Barcelona"]
[Date "2019.07.21"]
[Round "9"]
[White "Fernandez Egea, Andres"]
[Black "Padros Martinez, Albert"]
[Result "1/2-1/2"]
[WhiteElo "1838"]
[BlackElo "1924"]
[PlyCount "59"]
[EventDate "2019.07.13"]
[EventType "swiss"]
[EventRounds "9"]
[EventCountry "ESP"]
[SourceTitle "EXT 2020"]
[Source "ChessBase"]
[SourceDate "2019.10.17"]
[SourceVersion "1"]
[SourceVersionDate "2019.10.17"]
[SourceQuality "1"]

1. e4 c5 2. Nf3 g6 3. d4 cxd4 4. Nxd4 Bg7 5. Nc3 Nc6 6. Be3 a6 7. Bc4 e6 8. Nxc6 bxc6 9. Qd6 Qe7 10. e5 Qxd6 11. exd6 Rb8 12. Bb3 f5 13. Rd1 Nh6 14. Bg5 Rb4 15. 0-0 c5 16. Rde1 c4 17. a3 Rb6 18. Bxc4 Nf7 19. Be7 Be5 20. Bb3 Bxd6 21. Bf6 0-0 22. Bd4 Rb8 23. Na4 Bc7 24. Bc3 d5 25. Nc5 Ng5 26. Bb4 Kf7 27. h4 Ne4 28. Nxe4 fxe4 29. Bxf8 Kxf8 30. Re3 1/2-1/2

[Event "Barcelona Tupinamba op-A 14th"]
[Site "Barcelona"]
[Date "2019.05.29"]
[Round "8.6"]
[White "Cano Sevila, Ivan"]
[Black "Padros Martinez, Albert"]
[Result "0-1"]
[WhiteElo "1967"]
[BlackElo "1943"]
[PlyCount "80"]
[EventDate "2019.03.27"]
[EventType "swiss"]
[EventRounds "9"]
[EventCountry "ESP"]
[SourceTitle "EXT 2024"]
[Source "ChessBase"]
[SourceDate "2023.10.10"]
[SourceVersion "1"]
[SourceVersionDate "2023.10.10"]
[SourceQuality "1"]

1. d4 Nf6 2. Bf4 e6 3. e3 d5 4. Nf3 Bd6 5. Bg3 Ne4 6. Nbd2 Nxg3 7. hxg3 f5 8. Bd3 Qf6 9. c4 c6 10. Qc2 Nd7 11. cxd5 cxd5 12. Rc1 0-0 13. 0-0 Kh8 14. Nb3 g5 15. Nc5 b6 16. Nxd7 Bxd7 17. Ne5 Bxe5 18. dxe5 Qxe5 19. Qc7 Qxc7 20. Rxc7 Rf7 21. Rfc1 Kg7 22. Ba6 Be8 23. f3 Rd8 24. Kf2 h5 25. f4 g4 26. Ke2 d4 27. Rxf7+ Kxf7 28. Rc7+ Rd7 29. Rxd7+ Bxd7 30. exd4 Bc6 31. Kf2 b5 32. Ke3 Ke7 33. Kd2 Kd6 34. Kc3 Kc7 35. Kb4 Kb6 36. Bc8 Bxg2 37. Bxe6 Be4 38. a4 a5+ 39. Kc3 h4 40. Kd2 h3 0-1

[Event "Barcelona Tupinamba op-A 14th"]
[Site "Barcelona"]
[Date "2019.05.15"]
[Round "6.8"]
[White "Vallbona Domingo, Joan"]
[Black "Padros Martinez, Albert"]
[Result "0-1"]
[WhiteElo "1886"]
[BlackElo "1943"]
[PlyCount "73"]
[EventDate "2019.03.27"]
[EventType "swiss"]
[EventRounds "9"]
[EventCountry "ESP"]
[SourceTitle "EXT 2024"]
[Source "ChessBase"]
[SourceDate "2023.10.10"]
[SourceVersion "1"]
[SourceVersionDate "2023.10.10"]
[SourceQuality "1"]

1. c4 g6 2. g3 Bg7 3. Bg2 e5 4. Nc3 Ne7 5. e3 0-0 6. Nge2 Nbc6 7. d4 exd4 8. exd4 Nf5 9. d5 Ncd4 10. 0-0 Nxe2+ 11. Nxe2 d6 12. h4 Nxh4 13. gxh4 Qxh4 14. Be3 Be5 15. f4 Bxb2 16. Rb1 Bg7 17. Nd4 Re8 18. Qd2 g5 19. Nf3 Qg4 20. Nxg5 Bf5 21. Rxb7 Rab8 22. Rxb8 Rxb8 23. Bd4 f6 24. Ne6 Bh6 25. Bxa7 Ra8 26. Qf2 Be4 27. Bd4 Kf7 28. Kh2 Qh5+ 29. Bh3 Bf5 30. Qg2 Ra3 31. Nd8+ Ke7 32. Bxf6+ Kd7 33. Kg1 Bxh3 34. Qe4 Qg4+ 35. Kf2 Rxa2+ 36. Ke1 Bxf1 37. Kxf1 0-1

[Event "Barcelona Sant Marti op 8th"]
[Site "Barcelona"]
[Date "2019.02.28"]
[Round "7"]
[White "Nadal Fajardo, Ricard"]
[Black "Padros Martinez, Albert"]
[Result "1-0"]
[WhiteElo "1857"]
[BlackElo "1943"]
[PlyCount "43"]
[EventDate "2019.01.17"]
[EventType "swiss"]
[EventRounds "9"]
[EventCountry "ESP"]
[SourceTitle "CBM 189 Extra"]
[Source "ChessBase"]
[SourceDate "2019.06.03"]
[SourceVersion "1"]
[SourceVersionDate "2019.06.03"]
[SourceQuality "1"]

1. c4 Nf6 2. Nc3 g6 3. g3 Bg7 4. Bg2 0-0 5. Nf3 d6 6. d4 Nbd7 7. 0-0 e5 8. d5 Re8 9. e4 Nf8 10. h3 h6 11. Be3 g5 12. Nd2 Ng6 13. c5 dxc5 14. Bxc5 c6 15. dxc6 bxc6 16. Nc4 Ba6 17. Qa4 Bb5 18. Nxb5 cxb5 19. Qxb5 Rb8 20. Qa4 Rc8 21. b4 Nd7 22. Nd6 1-0

[Event "Barcelona Sant Marti op 8th"]
[Site "Barcelona"]
[Date "2019.02.21"]
[Round "6"]
[White "Padros Martinez, Albert"]
[Black "Planella Sanchez, Jordi"]
[Result "0-1"]
[WhiteElo "1943"]
[BlackElo "1999"]
[PlyCount "59"]
[EventDate "2019.01.17"]
[EventType "swiss"]
[EventRounds "9"]
[EventCountry "ESP"]
[SourceTitle "CBM 189 Extra"]
[Source "ChessBase"]
[SourceDate "2019.06.03"]
[SourceVersion "1"]
[SourceVersionDate "2019.06.03"]
[SourceQuality "1"]

1. e4 c5 2. Nf3 e6 3. d4 cxd4 4. Nxd4 Nc6 5. c4 Nf6 6. Nxc6 bxc6 7. Bd3 Be7 8. 0-0 d6 9. Nc3 0-0 10. f4 Qb6+ 11. Kh1 e5 12. f5 Bb7 13. Rb1 Rad8 14. Qf3 d5 15. Bg5 dxe4 16. Bxe4 Nxe4 17. Bxe7 Nd2 18. Bxd8 Rxd8 19. Qg3 Nxf1 20. Rxf1 f6 21. b3 Rd4 22. h3 Qd8 23. Qf3 Qd7 24. Rd1 Bc8 25. Rxd4 exd4 26. Ne2 c5 27. Ng3 Bb7 28. Qd3 Qc6 29. Qe2 d3 30. Qd2 0-1

[Event "Barcelona Sant Marti op 8th"]
[Site "Barcelona"]
[Date "2019.02.14"]
[Round "5"]
[White "Turon Mora, Joan"]
[Black "Padros Martinez, Albert"]
[Result "0-1"]
[WhiteElo "1852"]
[BlackElo "1943"]
[PlyCount "84"]
[EventDate "2019.01.17"]
[EventType "swiss"]
[EventRounds "9"]
[EventCountry "ESP"]
[SourceTitle "CBM 189 Extra"]
[Source "ChessBase"]
[SourceDate "2019.06.03"]
[SourceVersion "1"]
[SourceVersionDate "2019.06.03"]
[SourceQuality "1"]

1. c4 Nf6 2. Nc3 g6 3. g3 Bg7 4. Bg2 0-0 5. Nf3 d6 6. d4 c6 7. 0-0 Nbd7 8. e4 e5 9. h3 Re8 10. d5 cxd5 11. cxd5 Nc5 12. Ne1 b6 13. b4 Nb7 14. Be3 Bd7 15. Rc1 a5 16. Nd3 axb4 17. Nxb4 Nc5 18. Re1 Qc8 19. Kh2 Qb7 20. f3 Ra3 21. Bf1 Rea8 22. Nb5 Bxb5 23. Bxb5 R8a5 24. Bc6 Qa7 25. Rb1 Na4 26. Bxa4 R5xa4 27. Rb3 Nd7 28. Rxa3 Rxa3 29. Bc1 Ra4 30. a3 Nc5 31. Nc6 Qa6 32. Qe2 b5 33. Qe3 Rc4 34. Bb2 Qa4 35. Nb4 Bf6 36. Rc1 Bd8 37. Rxc4 bxc4 38. Bxe5 dxe5 39. Qxc5 Qxa3 40. Qxc4 Qxf3 41. Qc2 Bb6 42. Nc6 Bf2 0-1

[Event "Barcelona Sant Marti op 8th"]
[Site "Barcelona"]
[Date "2019.01.31"]
[Round "3"]
[White "Padros Martinez, Albert"]
[Black "Gomez Parla, Josep"]
[Result "1-0"]
[WhiteElo "1943"]
[BlackElo "1756"]
[PlyCount "81"]
[EventDate "2019.01.17"]
[EventType "swiss"]
[EventRounds "9"]
[EventCountry "ESP"]
[SourceTitle "CBM 189 Extra"]
[Source "ChessBase"]
[SourceDate "2019.06.03"]
[SourceVersion "1"]
[SourceVersionDate "2019.06.03"]
[SourceQuality "1"]

1. d4 Nf6 2. Nf3 g6 3. c4 c5 4. d5 b5 5. cxb5 a6 6. bxa6 Bg7 7. e3 0-0 8. Nc3 d6 9. Be2 Bxa6 10. 0-0 Bxe2 11. Qxe2 Qc7 12. e4 Nbd7 13. h3 Rfb8 14. Bf4 Qb6 15. Rfb1 Nh5 16. Bd2 Ne5 17. g4 Nxf3+ 18. Qxf3 Nf6 19. Nd1 Nd7 20. Bc3 Bxc3 21. Qxc3 Qb4 22. Qxb4 Rxb4 23. Nc3 Nf6 24. f3 Rab8 25. b3 g5 26. a4 Nd7 27. Nb5 Ne5 28. Kg2 Nd3 29. h4 h6 30. hxg5 hxg5 31. Kf1 Kg7 32. Ke2 Nf4+ 33. Kd2 Rh8 34. Rh1 Rxh1 35. Rxh1 Rxb3 36. Ra1 Rb4 37. Na7 Ng6 38. Nc6 Rb7 39. a5 Ne5 40. a6 Nxf3+ 41. Ke2 1-0

[Event "Barcelona Sant Marti op 8th"]
[Site "Barcelona"]
[Date "2019.01.17"]
[Round "1"]
[White "Padros Martinez, Albert"]
[Black "Ibanez Camara, Oscar"]
[Result "1-0"]
[WhiteElo "1943"]
[BlackElo "1656"]
[PlyCount "45"]
[EventDate "2019.01.17"]
[EventType "swiss"]
[EventRounds "9"]
[EventCountry "ESP"]
[SourceTitle "CBM 189 Extra"]
[Source "ChessBase"]
[SourceDate "2019.06.03"]
[SourceVersion "1"]
[SourceVersionDate "2019.06.03"]
[SourceQuality "1"]

1. e4 c5 2. Nf3 d6 3. d4 cxd4 4. Nxd4 Nf6 5. Nc3 a6 6. Be2 e5 7. Nb3 Be6 8. Be3 Nc6 9. f3 Rc8 10. Nd5 Bxd5 11. exd5 Nb4 12. c4 b5 13. a3 bxc4 14. axb4 cxb3 15. Qxb3 Be7 16. Rxa6 0-0 17. 0-0 Nd7 18. Rfa1 f5 19. Bb5 Rb8 20. Bc6 f4 21. Bf2 g5 22. Ra8 Qc7 23. R8a7 1-0

[Event "Barcelona Tres Peons-D 47th"]
[Site "Barcelona"]
[Date "2018.06.01"]
[Round "6.2"]
[White "Cespedes Llaverias, Llibert"]
[Black "Padros Martinez, Albert"]
[Result "1-0"]
[WhiteElo "2029"]
[BlackElo "1929"]
[PlyCount "95"]
[EventDate "2018.04.27"]
[EventType "tourn"]
[EventRounds "9"]
[EventCountry "ESP"]
[SourceTitle "EXT 2024"]
[Source "ChessBase"]
[SourceDate "2023.10.10"]
[SourceVersion "1"]
[SourceVersionDate "2023.10.10"]
[SourceQuality "1"]

1. e4 c5 2. Nf3 d6 3. Bb5+ Bd7 4. Bxd7+ Qxd7 5. 0-0 Nc6 6. Qe2 Nf6 7. Rd1 e5 8. c3 d5 9. d4 dxe4 10. Nxe5 Nxe5 11. dxe5 Qg4 12. Qxg4 Nxg4 13. Bf4 g5 14. Bxg5 Rg8 15. Bf6 e3 16. fxe3 Nxe3 17. Rd2 Bh6 18. Re2 Kd7 19. Nd2 Kc6 20. Nf3 Rg4 21. Rae1 Rag8 22. g3 Rxg3+ 23. hxg3 Rxg3+ 24. Kh1 Rxf3 25. Rh2 Ng4 26. Rh4 Rf4 27. Re2 Kd5 28. Rxh6 Nxh6 29. Bg5 Rg4 30. Bxh6 Rh4+ 31. Rh2 Rxh2+ 32. Kxh2 Kxe5 33. Kg3 Ke4 34. Bf8 c4 35. a4 b6 36. Bd6 Kd3 37. a5 Kc2 38. a6 Kb3 39. Bc7 b5 40. Ba5 Kxb2 41. Bb6 Kxc3 42. Bxa7 b4 43. Bb8 Kc2 44. a7 b3 45. a8Q b2 46. Qa2 c3 47. Be5 Kc1 48. Bxc3 1-0

[Event "Barcelona Tres Peons-D 47th"]
[Site "Barcelona"]
[Date "2018.05.11"]
[Round "3.4"]
[White "Padros Martinez, Albert"]
[Black "Barragan Hernandez, Manel"]
[Result "1-0"]
[WhiteElo "1929"]
[BlackElo "1894"]
[PlyCount "65"]
[EventDate "2018.04.27"]
[EventType "tourn"]
[EventRounds "9"]
[EventCountry "ESP"]
[SourceTitle "EXT 2024"]
[Source "ChessBase"]
[SourceDate "2023.10.10"]
[SourceVersion "1"]
[SourceVersionDate "2023.10.10"]
[SourceQuality "1"]

1. e4 c5 2. Nf3 e6 3. d4 cxd4 4. Nxd4 a6 5. Be2 Qc7 6. 0-0 Nf6 7. Bf3 Be7 8. Re1 d6 9. Nc3 0-0 10. Bg5 Nc6 11. Nxc6 bxc6 12. e5 dxe5 13. Qe2 Rb8 14. b3 Bb4 15. Bxf6 gxf6 16. Ne4 Qe7 17. c3 Ba5 18. Qe3 f5 19. Nd2 e4 20. Bxe4 fxe4 21. Qg3+ Kh8 22. Qxb8 Bxc3 23. Rad1 Rg8 24. Qf4 f5 25. Re3 e5 26. Qh6 Bd4 27. Rg3 Rxg3 28. hxg3 Be6 29. Nc4 Bd5 30. Qd6 Qxd6 31. Nxd6 f4 32. gxf4 exf4 33. Rxd4 1-0

[Event "Cornella CC 75 years"]
[Site "Cornella de Llobregat"]
[Date "2017.05.29"]
[Round "7"]
[White "Padros Martinez, Albert"]
[Black "Varela Cuadrado, Cesar M"]
[Result "1-0"]
[WhiteElo "2055"]
[BlackElo "1933"]
[PlyCount "87"]
[EventDate "2017.04.03"]
[EventType "swiss"]
[EventRounds "7"]
[EventCountry "ESP"]
[SourceTitle "EXT 2019"]
[Source "ChessBase"]
[SourceDate "2018.10.10"]
[SourceVersion "1"]
[SourceVersionDate "2018.10.10"]
[SourceQuality "1"]

1. e4 g6 2. d4 Bg7 3. Nf3 d6 4. h3 Nd7 5. Bc4 Ngf6 6. e5 dxe5 7. dxe5 Ng8 8. e6 fxe6 9. Ng5 c6 10. Nxe6 Qa5+ 11. c3 Qe5+ 12. Kf1 Bh6 13. Nd2 Nb6 14. Nf3 Qd6 15. Qxd6 exd6 16. Nc7+ Kd8 17. Nxa8 Nxc4 18. b3 Bxc1 19. Rxc1 Na3 20. Rd1 d5 21. c4 Nf6 22. g4 Rf8 23. Kg2 Bd7 24. cxd5 Nxd5 25. Rhe1 h5 26. Ne5 hxg4 27. hxg4 Kc8 28. Nxg6 Rd8 29. Ne7+ Kb8 30. Nxd5 cxd5 31. Kg3 Bc6 32. f4 Kxa8 33. f5 d4 34. f6 Nc2 35. Re7 Kb8 36. g5 Rg8 37. Kf4 Ne3 38. Rg7 Rf8 39. Rxd4 Nd5+ 40. Rxd5 Bxd5 41. Ke5 Bxb3 42. axb3 Re8+ 43. Re7 Rg8 44. f7 1-0

[Event "Cornella de Llobregat op"]
[Site "Cornella de Llobregat"]
[Date "2017.04.24"]
[Round "3"]
[White "Padros Martinez, Albert"]
[Black "Padilla Peinado, Jose"]
[Result "0-1"]
[WhiteElo "2055"]
[BlackElo "1888"]
[PlyCount "140"]
[EventDate "2017.04.03"]
[EventType "swiss"]
[EventRounds "7"]
[EventCountry "ESP"]
[SourceTitle "EXT 2018"]
[Source "ChessBase"]
[SourceDate "2017.10.13"]
[SourceVersion "1"]
[SourceVersionDate "2017.10.13"]
[SourceQuality "1"]

1. e4 c6 2. d4 d5 3. Nc3 dxe4 4. Nxe4 Nd7 5. Nf3 Ngf6 6. Bd3 Nxe4 7. Bxe4 Nf6 8. Bd3 Bg4 9. c3 Qc7 10. h3 Bh5 11. Bg5 Nd5 12. 0-0 f6 13. Bf4 e6 14. Re1 Qd7 15. Bf5 Bf7 16. c4 Ne7 17. Bd3 Ng6 18. Bg3 Bb4 19. Re2 0-0 20. Qa4 Bd6 21. Rae1 Bxg3 22. fxg3 Qd6 23. Kh2 Rfe8 24. c5 Qc7 25. Bc4 Nf8 26. b4 b5 27. cxb6 axb6 28. Qc2 c5 29. bxc5 bxc5 30. Bb5 Rec8 31. a4 cxd4 32. Qxc7 Rxc7 33. Nxd4 e5 34. Rc2 Rxc2 35. Nxc2 Bb3 36. Nb4 Ne6 37. Ra1 Nd4 38. Bd7 Ra7 39. Bc8 Rxa4 40. Rxa4 Bxa4 41. Kg1 Bb5 42. Kf2 Kf7 43. Nd5 Bc4 44. Nb6 Bb3 45. Ba6 Ke7 46. g4 Kd6 47. Bd3 Kc7 48. Nc4 Bxc4 49. Bxc4 Kd6 50. Bd3 g6 51. h4 Kd5 52. Ke3 f5 53. gxf5 gxf5 54. g3 e4 55. Ba6 Ke5 56. Bc8 Nc2+ 57. Kd2 Nb4 58. Ke3 Nd5+ 59. Kf2 Nf6 60. Ke2 Nh5 61. g4 Ng3+ 62. Kf2 f4 63. g5 Nf5 64. h5 Nh4 65. Bd7 e3+ 66. Ke2 Nf5 67. h6 Nd4+ 68. Kd3 e2 69. Kd2 f3 70. Bg4 Nc2 0-1

[Event "Barcelona Barri Gotic op 2nd"]
[Site "Barcelona"]
[Date "2013.06.03"]
[Round "7.10"]
[White "Serrano Pertinez, Miquel"]
[Black "Padros Martinez, Albert"]
[Result "1-0"]
[WhiteElo "2074"]
[BlackElo "1925"]
[PlyCount "63"]
[EventDate "2013.04.15"]
[EventType "swiss"]
[EventRounds "8"]
[EventCountry "ESP"]
[SourceTitle "EXT 2024"]
[Source "ChessBase"]
[SourceDate "2023.10.10"]
[SourceVersion "1"]
[SourceVersionDate "2023.10.10"]
[SourceQuality "1"]

1. d4 d5 2. Bg5 Qd6 3. Nc3 Nf6 4. Bxf6 exf6 5. e3 a6 6. Bd3 Be7 7. Qf3 c6 8. Nge2 0-0 9. 0-0 Be6 10. Ng3 Nd7 11. Rfd1 Rfe8 12. e4 Nf8 13. exd5 cxd5 14. Nf5 Bxf5 15. Bxf5 Rad8 16. Ne2 g6 17. Bd3 Ne6 18. c3 f5 19. Bc2 Ng5 20. Qd3 Bf8 21. Bb3 Ne4 22. Ng3 Bh6 23. Re1 Bf4 24. Nf1 Re7 25. Re2 Rde8 26. Rae1 Nf6 27. g3 Bh6 28. f4 Rxe2 29. Rxe2 Rxe2 30. Qxe2 Ne4 31. Ne3 Nf6 32. Qf3 1-0

[Event "Barcelona Ateneu Colon op 7th"]
[Site "Barcelona"]
[Date "2012.03.21"]
[Round "2"]
[White "Padros Martinez, Albert"]
[Black "Pares Peris, Jordi"]
[Result "1/2-1/2"]
[WhiteElo "1933"]
[BlackElo "2149"]
[PlyCount "56"]
[EventDate "2012.03.14"]
[EventType "swiss"]
[EventRounds "9"]
[EventCountry "ESP"]
[SourceTitle "EXT 2013"]
[Source "ChessBase"]
[SourceDate "2012.11.22"]
[SourceVersion "1"]
[SourceVersionDate "2012.11.22"]
[SourceQuality "1"]

1. d4 Nf6 2. Nd2 c5 3. e3 e6 4. Bd3 b6 5. Qe2 Be7 6. Ngf3 Bb7 7. 0-0 Qc8 8. b3 cxd4 9. exd4 0-0 10. c4 d6 11. d5 e5 12. Nh4 Nbd7 13. Nf5 Qd8 14. Ba3 Nc5 15. Bxc5 bxc5 16. f4 Nd7 17. Ne4 exf4 18. Qg4 g6 19. Nxe7+ Qxe7 20. Qxf4 Ne5 21. Nf6+ Kg7 22. Qh4 Rh8 23. Rae1 Rad8 24. Bc2 Bc8 25. Kh1 h6 26. g3 a5 27. Bxg6 Kxg6 28. g4 Kg7 1/2-1/2

[Event "Barcelona Tres Peons op 14th"]
[Site "Barcelona"]
[Date "2012.03.02"]
[Round "8"]
[White "Alonso Gonzalez, Carlos"]
[Black "Padros Martinez, Albert"]
[Result "1-0"]
[WhiteElo "2059"]
[BlackElo "1933"]
[PlyCount "77"]
[EventDate "2012.01.13"]
[EventType "swiss"]
[EventRounds "9"]
[EventCountry "ESP"]
[SourceTitle "EXT 2013"]
[Source "ChessBase"]
[SourceDate "2012.11.22"]
[SourceVersion "1"]
[SourceVersionDate "2012.11.22"]
[SourceQuality "1"]

1. e4 c5 2. Nf3 d6 3. d4 cxd4 4. Nxd4 Nf6 5. Nc3 Nc6 6. Bg5 e6 7. Qd2 Be7 8. f3 Nxd4 9. Qxd4 Qa5 10. Bd2 Qc7 11. 0-0-0 0-0 12. g4 Rd8 13. g5 Ne8 14. f4 a6 15. f5 Qc5 16. Qd3 b5 17. Be3 Qc7 18. h4 b4 19. Na4 Rb8 20. b3 Bd7 21. Nb2 Bb5 22. Qd2 Qa5 23. a4 Bxf1 24. Rhxf1 d5 25. fxe6 fxe6 26. Qf2 Nd6 27. exd5 exd5 28. Bc5 Rbc8 29. Bxd6 Bxd6 30. Nc4 dxc4 31. Qf7+ Kh8 32. Rxd6 cxb3 33. Rxd8+ Qxd8 34. Qxb3 Qd4 35. Kb1 Qxh4 36. Qe6 Rg8 37. g6 a5 38. Qc6 Qh3 39. Rh1 1-0